000 00994cam a2200265 a 4500
001 15521446
005 20250208201814.0
008 081112s2009 nyuaf b 001 0 eng
020 _a9780071488723 (alk. paper)
020 _a0071488723 (alk. paper)
050 0 0 _aRC952
_b.P752 2009
082 0 0 _a618.97
_222
245 0 0 _aHazzard's geriatric medicine and gerontology.
_ceditors, Jeffrey B. Halter ... [et al.].
250 _a6th ed. /
_beditors, Jeffrey B. Halter ... [et al.].
260 _aNew York :
_bMcGraw-Hill Medical,
_cc2009.
300 _axxviii, 1,634 p., [12] p. of plates :
_bill. (some col.) ;
_c29 cm.
500 _aRev. ed. of: Principles of geriatric medicine and gerontology / editors, William R. Hazzard ... [et al.]. 5th ed. c2003.
650 0 _aGeriatrics.
650 0 _aGerontology.
650 1 2 _aGeriatrics.
650 2 2 _aHealth Services for the Aged.
700 1 _aHazzard, William R.,
_d1936-
700 1 _aHalter, Jeffrey B.
942 _2lcc
_cBK
_e6th ed.
_n0
999 _c3708
_d3708